1339 1504 1584 1561 1687 1890 1187 1281 1064 1749 1824 1939 1264 1875 1868 1605 1879 1635 1587 1694 1896 1873 1645 1850 1539 1117 1670 1484 1878 1022 1977 1953 1737 1318 1783 1598 1595 1762 1625 1950 1211 1527 1123 1815 1370 1747 1464 1201 1285 1524 1531 1747 1593 1365 1120 1382 1381 1211 1921 1506 1864 1637 1951 1529 1358 1304 1175 1014 1559 1987 1695 1010 1278 1581 1249 1490 1338 1441 1965 1525 1022 1211 1881 1967 1606 1119 1322 1377 1353 1800 1043 1715 1416 1671 1124 1704 1026 1345 1142 BCNSPRNW ULIB Ver.6.0+V

เปลี่ยนเป็นภาษาไทย

Change to English
 แสดงรายละเอียดบรรณานุกรม
  กลับหน้าหลัก

Brief Record : Get Marc (ISO 2709) : E-mail record : QR code < ปิดหน้าต่าง
LEADER : 00000nam 2200000uu 4500
001    13399128355
003     ULIB
008    230620s2565||||th 000 0 tha d
020    ^a9786168010150
060 04 ^aQZ4^bอ335พ
100 0  ^aอรพินท์ สีขาว
245 10 ^aพยาธิสรีรวิทยา :^bสำหรับนักศึกษาพยาบาลและวิทยาศาสตร์สุขภาพ /^cอรพินท์ สีขาว
250    ^aพิมพ์ครั้งที่ 6
260    ^aสมุทรปราการ :^bโครงการสำนักพิมพ์มหาวิทยาลัยหัวเฉียวเฉลิมพระเกียรติ,^c2565
300    ^aก-ฉ, 589 หน้า :^bภาพประกอบ ;^c30 ซม.
504    ^aมีบรรณานุกรมและดัชนี
536    ^aตำราเล่มนี้ได้รับทุนอุดหนุนจากมหาวิทยาลัยหัวเฉียวเฉลิมพระเกียรติโครงการสำนักพิมพ์มหาวิทยาลัยหัวเฉียวเฉลิมพระเกียรติ
650  2 ^aNursing
650  2 ^aPhysiology
650  2 ^aHeredity
650  4 ^aการพยาบาล
650  4 ^aสรีรวิทยา
650  4 ^aพันธุกรรม
710 2  ^aโครงการสำนักพิมพ์มหาวิทยาลัยหัวเฉียวเฉลิมพระเกียรติ
710 2  ^aมหาวิทยาลัยหัวเฉียวเฉลิมพระเกียรติ.^bคณะพยาบาลศาสตร์
945    ^p280^l0^i009761
945    ^p280^l0^i009762
945    ^p280^l0^i009763
945    ^p280^l0^i009764
945    ^p280^l0^i009765
999    ^aประนอม เกษจรัล
รายการนี้ยังไม่มีแท็ก
คุณยังไม่ได้ล็อกอิน คุณสามารถมีกิจกรรมร่วมกับเว็บไซต์ได้ แต่ต้องล็อกอินก่อน ::
  ล็อกอิน

รายการสื่อสารสนเทศ

ลำดับที่ ประเภท เลขเรียก/บาร์โค้ด สถานที่ สถานะ
1. วิทยาศาสตร์การแพทย์ และสุขภาพ
หนังสือสำรอง
สถานะ=หนังสือสำรอง
QZ4 อ335พ ฉ.1 
  Barcode: 009761
ห้องสมุดวิทยาเขตสวรรค์ประชารักษ์
►หนังสือทั่วไป
บนชั้น
2. วิทยาศาสตร์การแพทย์ และสุขภาพ
วิทยาศาสตร์การแพทย์ และสุขภาพ
QZ4 อ335พ ฉ.2 
  Barcode: 009762
ห้องสมุดวิทยาเขตสวรรค์ประชารักษ์
►หนังสือทั่วไป
บนชั้น
3. วิทยาศาสตร์การแพทย์ และสุขภาพ
วิทยาศาสตร์การแพทย์ และสุขภาพ
QZ4 อ335พ ฉ.3 
  Barcode: 009763
ห้องสมุดวิทยาเขตสวรรค์ประชารักษ์
►หนังสือทั่วไป
บนชั้น
4. วิทยาศาสตร์การแพทย์ และสุขภาพ
วิทยาศาสตร์การแพทย์ และสุขภาพ
QZ4 อ335พ ฉ.4 
  Barcode: 009764
ห้องสมุดวิทยาเขตสวรรค์ประชารักษ์
►หนังสือทั่วไป
บนชั้น
5. วิทยาศาสตร์การแพทย์ และสุขภาพ
วิทยาศาสตร์การแพทย์ และสุขภาพ
QZ4 อ335พ ฉ.5 
  Barcode: 009765
ห้องสมุดวิทยาเขตสวรรค์ประชารักษ์
►หนังสือทั่วไป
บนชั้น

รายการใกล้เคียง
    ผู้แต่ง [อรพินท์ สีขาว]

    หัวเรื่อง [Nursing]
    หัวเรื่อง [Physiology]
    หัวเรื่อง [Heredity]
    หัวเรื่อง [การพยาบาล]
    หัวเรื่อง [สรีรวิทยา]
    หัวเรื่อง [พันธุกรรม]

BibComment


ยังไม่เคยถูกคอมเมนท์

คอมเมนท์ทรัพยากรรายการนี้
  คอมเมนท์: พยาธิสรีรวิทยา ..


 Copyright 2026. Bcnsprnw @Library